LEADER 01688nam a2200241 u 4500 001 000000031312 003 CaOOAMICUS 005 20070226112127.0 008 971001s1860 ie u000 u grc u 035 $a10771109 040 $aPUL(R)$bita 130 0 $aBiblia.$pN.T.$lGreco.$0(OLS)http://pul/title/2141 245 10$aHe Kain? Diath?k? :$bThe greek Testamen, from cardinal Mai's edition of the Vatican Bible : with notes, chiefly philological and exegetical; : a harmony of the Gospels, chronological tables, etc. /$cby Robert Ornsby .. 260 $aDublin :$bJ. Duffy,$c1860. 300 $a589 p. ;$c18 cm 500 $aSeguono Appendici. 700 1 $aOrnsby, Robert,$d1820-1889.$0(OLS)http://pul/name/25023 850 $aPUL 852 $aPUL$W1$xDP1 Antico 800$y27$m1(1) B 5$j43262$nBK-PRI$b $qStampati Antico$B43262$CPULBib$Z2$F43262 $82 941 1 $a15 961 $aLegatura in pelle rossa con fregi in oro; Sui piatti : Disegno di tiara con chiavi incrociate. Tagli in oro con decorazioni; Precedente collocazione parzialmente abrasa su targhetta rettangolare bordata di azzurro sul verso della coperta: A(a); Lettera dedicatoria dell'editore James Duffy a SS.Papa Pio IX. Sul verso della carta di guardia nota ms : "Il Nuovo Testamento dall'edizione della Bibbia Vaticana del Cardinal Mai da Roberto Ornsby.Timbri: Ex Legato Pii PP.IX Anno MDCCCLXXVIII. 996 $6245$aHe Kain? Diath?k? :$bThe greek Testamen, from cardinal Mai's edition of the Vatican Bible : with notes, chiefly philological and exegetical; : a harmony of the Gospels, chronological tables, etc.$9(OLS)http://pul/title/43050 996 $6260$aDublin :$bJ. Duffy$9(OLS)http://pul/publisher/56255 LEADER 01522nam a2200361 u 4500 001 000000076759 003 CaOOAMICUS 005 20070226123239.0 008 031218s2002 it u000 u ita u 020 $a8830807249 035 $a10979839 040 $aPUL$bita 041 1 $aita$hspa 245 00$a10 parole chiave su Gesù di Nazareth :$bdalle "vite" di Gesù al Gesù della "vita" /$ca cura di Juan-José Tamayo. 246 3 $aDieci parole chiave su Gesù di Nazareth 260 $aAssisi :$bCittadella,$c2002. 300 $a442 p. ;$c22 cm 490 1 $aStudi cristologici 500 $aTit. orig. : "10 palabras clave sobre Jesus de Nazaret". 504 $aBibliografia in nota. 600 04$aIesus Christus.$0(OLS)http://pul/subject/207 700 1 $aTamayo, Juan José,$d1946-$0(OLS)http://pul/name/34619 830 0$aStudi cristologici.$0(OLS)http://pul/title/100644 850 $aPUL 852 $aPUL$W1$xSL Religione 1$y3$m65 E 115$j98606$nBK-PRI$b $qStampati$B98606$CPULBib$Z2$F98606 $HPUL93924 $81 941 1 $a8 960 $aCristologia$9207 960 $aCristologia$9207 960 $aGesù Cristo$9207 996 $6020$a8830807249$9(OLS)http://pul/number/100600 996 $6245$a10 parole chiave su Gesù di Nazareth :$bdalle "vite" di Gesù al Gesù della "vita"$9(OLS)http://pul/title/100646 996 $6246$aDieci parole chiave su Gesù di Nazareth$9(OLS)http://pul/title/100647 996 $6260$aAssisi :$bCittadella$9(OLS)http://pul/publisher/49668